[Event "Sunny Pawn B"]
[Site "Illichevsk UKR"]
[Date "2006.07.23"]
[Round "4"]
[White "Voicu,C"]
[Black "Garifulin,A"]
[Result "0-1"]
[WhiteElo "2286"]
[BlackElo "2291"]

1.e4 c5 2.Nf3 e6 3.d4 cxd4 4.Nxd4 a6 5.Nc3 Qc7 6.Bd3 b5 7.O-O Bb7 8.Qe2 Nf6
9.e5 Nd5 10.Nxd5 Bxd5 11.a4 b4 12.c4 bxc3 13.bxc3 Nc6 14.f4 Be7 15.Nc2 Na5
16.Ne3 Bc6 17.Bb2 Nb3 18.f5 Nxa1 19.Bxa1 Bc5 20.fxe6 dxe6 21.Kh1 Qxe5 22.Nf5 Qxe2
23.Nxg7+ Ke7 24.Bxe2 Rad8 25.c4 Bd4 26.Bh5 Bxa1 27.Rxf7+ Kd6 28.c5+ Ke5 29.Re7 Bd5
30.c6 Kd6  0-1

[Event "Czech Open A"]
[Site "Pardubice CZE"]
[Date "2006.07.23"]
[Round "3"]
[White "Oleksienko,M"]
[Black "Laznicka,V"]
[Result "1-0"]
[WhiteElo "2497"]
[BlackElo "2602"]

1.e4 c5 2.Nf3 e6 3.d4 cxd4 4.Nxd4 a6 5.Nc3 Nc6 6.Be2 d6 7.O-O Nf6 8.Kh1 Be7
9.f4 O-O 10.Nxc6 bxc6 11.e5 dxe5 12.fxe5 Nd7 13.Bf4 Qa5 14.Qd4 Rb8 15.Rab1 c5
16.Qe3 Qc7 17.Qg3 Rb4 18.Bd3 Bb7 19.Rbe1 Kh8 20.a3 Rd4 21.Ne2 Ra4 22.c4 Rd8
23.Nc3 Ra5 24.Bh6  1-0

[Event "Accentus Ladies"]
[Site "Biel SUI"]
[Date "2006.07.24"]
[Round "1"]
[White "Skripchenko,A"]
[Black "Cramling,P"]
[Result "1/2-1/2"]
[WhiteElo "2421"]
[BlackElo "2521"]

1.e4 c5 2.Nf3 e6 3.d4 cxd4 4.Nxd4 a6 5.Nc3 Qc7 6.Bd3 Nc6 7.Be3 b5 8.Nxc6 Qxc6
9.O-O Bb7 10.a3 Nf6 11.Qe2 h5 12.h3 h4 13.f4 Nh5 14.Rf3 Ng3 15.Qf2 Rc8 16.f5 e5
17.a4 b4 18.Nd5 Qd6 19.Re1 Bxd5 20.exd5 Be7 21.Bb6 O-O 22.a5 Qxd5 23.Bxa6 Bc5
24.Bxc5 Rxc5 25.Bb7 Qd6 26.a6 Qc7 27.c3 d5 28.Rd3 bxc3 29.bxc3 e4 30.Rxd5 Rxc3
31.Rb5 Rc2 32.Qe3 Ra2 33.a7 Qc2 34.Bxe4 Nxe4 35.Qxe4 Qf2+  1/2-1/2

[Event "Summer Cup"]
[Site "Litohoro GRE"]
[Date "2006.07.24"]
[Round "3"]
[White "Makropoulou,M"]
[Black "Panagiotopolous,A"]
[Result "1-0"]
[WhiteElo "2297"]
[BlackElo "2184"]

1.e4 c5 2.Nf3 e6 3.d4 cxd4 4.Nxd4 a6 5.Nc3 b5 6.Bd3 Qb6 7.Nf3 Qc7 8.O-O d6
9.Re1 Be7 10.Bf4 Nd7 11.e5 Bb7 12.exd6 Bxd6 13.Bxd6 Qxd6 14.a4 b4 15.Ne4 Bxe4
16.Bxe4 Qxd1 17.Raxd1 Rc8 18.Bb7 Rxc2 19.Bxa6 Ngf6 20.Bb5 Ke7 21.Nd4 Rxb2
22.Nc6+ Kf8 23.Na7 Ke8 24.Nc8 Rc2 25.Nb6 Rc7 26.Nxd7 Nxd7 27.Rxd7 Rxd7 28.Rd1 Ke7
29.Rxd7+ Kf6 30.Rd4  1-0

[Event "Czech Open A"]
[Site "Pardubice CZE"]
[Date "2006.07.24"]
[Round "4"]
[White "Lehmann,Ho"]
[Black "Kanovsky,D"]
[Result "0-1"]
[WhiteElo "2228"]
[BlackElo "2368"]

1.Nf3 c5 2.e4 e6 3.d4 cxd4 4.Nxd4 a6 5.Nc3 Qc7 6.Bd3 b5 7.O-O Bb7 8.Be3 Nf6
9.a3 d6 10.Kh1 Nbd7 11.Qe2 g6 12.Rad1 e5 13.Nf3 h6 14.Nh4 Be7 15.f4 exf4
16.Rxf4 Nh5 17.Nd5 Bxd5 18.exd5 Nxf4 19.Bxf4 Ne5 20.Nf3 Nxd3 21.Rxd3 O-O
22.Bxh6 Rfe8 23.Qf2 Bf6 24.Bc1 Qe7 25.Re3 Qd7 26.Rd3 Qf5 27.h3 Rac8 28.g4 Qe4
29.Kg1 Bg7 30.Rd2 Rc7 31.Rd3 Rec8 32.Ng5 Qxd3  0-1

[Event "Czech Open B1"]
[Site "Pardubice CZE"]
[Date "2006.07.24"]
[Round "4"]
[White "Vesely,L"]
[Black "Kuznetsov,Vi2"]
[Result "0-1"]
[WhiteElo "2142"]
[BlackElo "2404"]

1.e4 c5 2.Nf3 e6 3.d4 cxd4 4.Nxd4 a6 5.Nc3 Qc7 6.Bd3 Nc6 7.Be3 Nf6 8.O-O Be7
9.Qe2 O-O 10.f4 d6 11.Nxc6 bxc6 12.Rae1 Nd7 13.Rf3 e5 14.f5 Bb7 15.Bc4 Nf6
16.Bg5 Rad8 17.Rd1 d5 18.Bxf6 Bxf6 19.exd5 cxd5 20.Bxd5 Bxd5 21.Nxd5 Qc5+
22.Ne3 e4 23.Rh3 Bxb2 24.Kh1 h6 25.Rf1 a5 26.Ng4 Rfe8 27.f6 h5 28.Nh6+ gxh6
29.Rxh5 Re5 30.Rxh6 Rg5 31.Qxe4 Qf5 32.Qe2 Qg4 33.Qf2 Rf5 34.Rh4 Qg5  0-1

[Event "Czech Open A"]
[Site "Pardubice CZE"]
[Date "2006.07.24"]
[Round "4"]
[White "Maslak,K"]
[Black "Gajewski,G"]
[Result "0-1"]
[WhiteElo "2537"]
[BlackElo "2504"]

1.e4 c5 2.Nf3 e6 3.d4 cxd4 4.Nxd4 a6 5.Nc3 b5 6.Bd3 Qb6 7.Nf3 Qc7 8.O-O Bb7
9.e5 f5 10.Re1 Be7 11.a4 b4 12.Nb1 Nh6 13.Bxh6 gxh6 14.Nbd2 Nc6 15.Nc4 O-O
16.Qd2 Kh8 17.Bf1 Nd8 18.Rad1 Bxf3 19.Qxd7 Qc5 20.gxf3 Rg8+ 21.Bg2 Ra7 22.Qd3 Nc6
23.b3 Bh4 24.Qe3 Qxe3 25.Nxe3 Nxe5 26.Kf1 Ng6 27.Rd4 Bf6 28.Rc4 Bc3 29.Rd1 f4
30.Ng4 h5 31.Nh6 Re8 32.Re4 Rae7 33.Rd6 Kg7 34.Rxa6 Kxh6 35.Rd6 Rc7 36.Bh3 e5
37.Be6 Ree7 38.a5 Bd4 39.Bc4 Red7 40.Rxd7 Rxd7 41.a6 Nh4 42.Ke2 Kg5 43.Bd3 Nf5
44.Kf1 Nd6 45.Re1 Kf6 46.Ke2 Rg7 47.Kf1 Ke6 48.h3 Kd5 49.Ke2 Kc6 50.Rd1 Kb6
51.Re1 Nb5 52.Bc4 Kxa6 53.Kd3 Kb6 54.Ke4 Nd6+ 55.Kd5 Nxc4  0-1

[Event "Czech Open A"]
[Site "Pardubice CZE"]
[Date "2006.07.24"]
[Round "4"]
[White "Laubsch,B"]
[Black "Ni,V"]
[Result "1-0"]
[WhiteElo "2276"]
[BlackElo "2041"]

1.e4 c5 2.Nf3 e6 3.d4 cxd4 4.Nxd4 a6 5.Nc3 Qc7 6.Bd3 Bc5 7.Nb3 Be7 8.Qg4 g6
9.Bg5 d6 10.O-O-O Nd7 11.Bxe7 Nxe7 12.Qh4 b6 13.f4 Bb7 14.Rhe1 Nc5 15.Nxc5 bxc5
16.Bb5+ Bc6 17.Nd5 exd5 18.Bxc6+ Nxc6 19.exd5+ Ne7 20.Rxe7+ Qxe7 21.Re1 Qxe1+
22.Qxe1+ Kd7 23.Qa5 Rhb8 24.Qa4+ Ke7 25.f5 g5 26.Qg4 h6 27.Qh3 Rh8 28.Qc3 h5
29.f6+ Kd7 30.Qa3 Rac8 31.Qa4+ Kd8 32.Qxa6 Kd7 33.Qa7+ Rc7 34.Qa4+ Kd8 35.Qa8+ Rc8
36.Qb7 Re8 37.Qxf7 Re4 38.Qg7  1-0

[Event "XI Open"]
[Site "Balaguer ESP"]
[Date "2006.07.25"]
[Round "9"]
[White "Lujan,C"]
[Black "Escobar Forero,A"]
[Result "1-0"]
[WhiteElo "2380"]
[BlackElo "2431"]

1.e4 c5 2.Nf3 e6 3.d4 cxd4 4.Nxd4 a6 5.Nc3 b5 6.Bd3 Qb6 7.Nf3 Nc6 8.O-O d6
9.Be3 Qc7 10.a4 b4 11.Na2 Nf6 12.c3 bxc3 13.Nxc3 Be7 14.Rc1 Qb7 15.a5 Bd7
16.Na4 Nb4 17.Bb1 Bb5 18.Nb6 Rd8 19.Re1 O-O 20.Nd4 Nxe4 21.Nxb5 axb5 22.Qb3 d5
23.Bf4 Qa7 24.Bc7 Nd2 25.Qg3 Nxb1 26.Bxd8 Bxd8 27.Rxb1 Be7 28.Qc3 d4 29.Qxd4 Rd8
30.Qc3 Na2 31.Qc6 Qxa5 32.Red1 Rf8 33.Ra1 b4 34.Nc4 Qh5 35.Rd7 Bc5 36.Rxa2 Qe2
37.Ra1 Qxc4 38.Rc7 Bxf2+ 39.Kxf2 Qd4+ 40.Kf1 Qxb2 41.Re1 Qf6+ 42.Qf3  1-0

[Event "Dutch Open"]
[Site "Dieren NED"]
[Date "2006.07.25"]
[Round "1"]
[White "Van den Bergh,P"]
[Black "Valenti,G"]
[Result "1/2-1/2"]
[WhiteElo "2079"]
[BlackElo "2273"]

1.e4 c5 2.Nf3 e6 3.d4 cxd4 4.Nxd4 a6 5.Nc3 b5 6.Be3 Bb7 7.f3 Qc7 8.Qd2 Nf6
9.g4 h6 10.a3 d5 11.exd5 Nxd5 12.Nxd5 Bxd5 13.Bd3 Nc6 14.O-O Rd8 15.Rad1 Ne5
16.Qf2 Bc5 17.Nxe6 fxe6 18.Bxc5 Nxf3+ 19.Qxf3 Qxc5+ 20.Qf2 Qxf2+ 21.Rxf2 Ke7
22.Rdf1 Rhf8 23.Rxf8 Rxf8 24.Rxf8 Kxf8 25.Kf2 Ke7 26.a4 Bc6 27.axb5 axb5
28.c3 Kf6 29.h4 g5 30.h5 Ke5 31.Ke3 Kd6 32.Be4 Bd7 33.Bd3 e5 34.Be2 Kd5 35.b3 e4
36.Bd1 Ke5 37.Be2 Kd5 38.Bd1 Ke5  1/2-1/2

[Event "Summer Cup"]
[Site "Litohoro GRE"]
[Date "2006.07.25"]
[Round "4"]
[White "Georgiadis,I"]
[Black "Stojanovic,Mih"]
[Result "0-1"]
[WhiteElo "2312"]
[BlackElo "2549"]

1.e4 c5 2.Nf3 e6 3.d4 cxd4 4.Nxd4 a6 5.Nc3 Qc7 6.Bd3 Bd6 7.Qg4 Be5 8.Nde2 g6
9.f4 Bg7 10.O-O Nc6 11.f5 b5 12.Kh1 Bb7 13.Bg5 h6 14.Bf4 Ne5 15.Bxe5 Bxe5
16.fxg6 Nf6 17.Rxf6 Bxf6 18.Rf1 Qe5 19.Qf3 Ke7 20.Nf4 Rag8 21.gxf7 Rg7 22.Be2 Rf8
23.Qe3 Bg5 24.Bh5 b4 25.Nce2 Bxe4 26.Bf3 Bxf4 27.Nxf4 Qb5 28.Be2 Qc6 29.Rf2 Rfxf7
30.Bh5 Rf8 31.Qd4 Rg5 32.Qxb4+ Qc5 33.Qxc5+ Rxc5 34.Bd1 e5  0-1

[Event "XI Open"]
[Site "Balaguer ESP"]
[Date "2006.07.26"]
[Round "10"]
[White "Sareen,V"]
[Black "Ortiz,Na"]
[Result "1/2-1/2"]
[WhiteElo "2396"]
[BlackElo "2245"]

1.e4 c5 2.Nc3 e6 3.Nf3 a6 4.d4 cxd4 5.Nxd4 Qc7 6.Bd3 Nc6 7.Be3 b5 8.f4 Bb7
9.Nb3 d6 10.Qf3 Nf6 11.O-O Be7 12.Rae1 O-O 13.Qh3 g6 14.Kh1 Rfe8 15.f5 exf5
16.exf5 Ne5 17.Bg5 Nfg4 18.Bxe7 Qxe7 19.Be4 Rac8 20.Qg3 Bxe4 21.Rxe4 Nf6
22.Rd4 Rc4 23.Qh4 Kg7 24.h3 Nh5 25.Qxe7 Rxe7 26.Rxd6 Ng3+ 27.Kg1 Nxf5 28.Rd2  1/2-1/2

[Event "Czech Open A"]
[Site "Pardubice CZE"]
[Date "2006.07.26"]
[Round "6"]
[White "Fruebing,S"]
[Black "Zpevak,P"]
[Result "1/2-1/2"]
[WhiteElo "2284"]
[BlackElo "2377"]

1.e4 c5 2.Nf3 e6 3.d4 cxd4 4.Nxd4 a6 5.Nc3 Qc7 6.Be2 Nf6 7.O-O Nc6 8.Be3 Bb4
9.Na4 Bd6 10.g3 Nxe4 11.Nxc6 bxc6 12.Nb6 Rb8 13.Nxc8 Rxc8 14.Bxa6 Ra8 15.Bd3 Nf6
16.c4 c5 17.f4 O-O 18.g4 g6 19.Qe2 Rfe8 20.Qg2 Bf8 21.b3 d5 22.Rae1 Qa5 23.f5 exf5
24.gxf5 Qc3 25.fxg6 hxg6 26.Bxg6 fxg6 27.Qxg6+ Bg7 28.Bh6 Ne4 29.Re3 Qd4
30.Rf7 Qd1+ 31.Rf1 Qd4 32.Rf7 Qd1+  1/2-1/2

[Event "Czech Open A"]
[Site "Pardubice CZE"]
[Date "2006.07.26"]
[Round "6"]
[White "Safarli,E"]
[Black "Firman,N"]
[Result "1-0"]
[WhiteElo "2421"]
[BlackElo "2499"]

1.e4 c5 2.Nf3 e6 3.d4 cxd4 4.Nxd4 a6 5.Nc3 b5 6.g3 Bb7 7.Bg2 Nf6 8.O-O b4
9.Na4 Qc7 10.Re1 h5 11.c3 Nc6 12.cxb4 Bxb4 13.Bd2 Qd6 14.Nb3 e5 15.Nb6 Rb8
16.Nc4 Qe7 17.Bxb4 Qxb4 18.Nd6+ Kf8 19.Rc1 Nd4 20.Nxb7 Nxb3 21.axb3 Rxb7
22.Rc8+ Ne8 23.Re3 Rh6 24.Bh3 Ke7 25.Qd5 Re6 26.Bxe6 fxe6 27.Qxe5 Rb5 28.Qf4 Qd4
29.Rf3 Nf6 30.Qc7 Kf7 31.Qc2 Ra5 32.Rc4 Ra1+ 33.Kg2 Qd6 34.Rd3 Qe5 35.f4 Qb5
36.Rd1 Ng4 37.Rc3 Ra2 38.h3 Nf6 39.Rc4 Qb7 40.Kh2 Qb6 41.Ra4 Rxa4 42.bxa4 h4
43.gxh4 Qe3 44.Rf1 Nxe4 45.Qg2 Nd6 46.Qf3 Qd4 47.b3 Nf5 48.Rg1 Ke7 49.h5 Nh4
50.Qe2 Qxf4+ 51.Kh1 Nf5 52.Qg4 Qe5 53.b4 Qd5+ 54.Qg2 Qb3 55.Qg5+ Kf7 56.Qg6+ Kf8
57.Qg4 Qxa4 58.Rc1 Qb5 59.Rc8+ Ke7 60.Qg5+ Kd6 61.Qf4+ e5 62.Qxf5 Qb7+ 63.Kh2 Qxc8
64.Qg6+ Kd5 65.Qd3+ Kc6 66.Qg6+ Kd5 67.Qxg7 Qc2+ 68.Kg3 Qc3+ 69.Kh4 Qxb4+
70.Kg5 Qf4+ 71.Kg6 Qg3+ 72.Kf7 Qxh3 73.h6 e4 74.Qg5+ Kc4 75.Kg7 Qc3+ 76.Kg8 e3
77.h7 d5 78.h8=Q Qxh8+ 79.Kxh8 d4 80.Kg7  1-0

[Event "Summer Cup"]
[Site "Litohoro GRE"]
[Date "2006.07.27"]
[Round "6"]
[White "Georgiadis,I"]
[Black "Stiri,A"]
[Result "1/2-1/2"]
[WhiteElo "2312"]
[BlackElo "2186"]

1.e4 c5 2.Nf3 e6 3.d4 cxd4 4.Nxd4 a6 5.Nc3 Qc7 6.Bd3 Nc6 7.Nxc6 dxc6 8.O-O Bc5
9.Qg4 g6 10.Kh1 e5 11.Qh4 Be7 12.Bg5 Bxg5 13.Qxg5 Qe7 14.f4 Nf6 15.f5 Rg8
16.fxg6 Rxg6 17.Qh4 Be6 18.Rf3 Ng4 19.Qxe7+ Kxe7 20.Na4 Rag8 21.Nc5 Bc8 22.Raf1 Rf6
23.Bc4 Rxf3 24.Rxf3 Nf6 25.a4 b6 26.Nd3 Rg5 27.Nb4 Bd7 28.Nxa6 Rg4 29.a5 bxa5
30.Nc5 Be6 31.Bd3 Nd7 32.h3 Rh4 33.Nxe6 Kxe6 34.Bc4+ Kd6 35.Rxf7 Rxe4 36.Ba6 h5
37.Bc8 Nc5 38.Rh7 h4 39.Bg4 Re1+ 40.Kh2 Ne4 41.Rxh4 Nd2 42.Rh6+ Kd5 43.Bd7 c5
44.Bc6+ Kd4 45.Kg3 Ke3 46.Re6 e4 47.Kg4 Kf2 48.Bxe4 Rxe4+ 49.Rxe4 Nxe4 50.Kf4 Ng3
51.Ke5 Ke3 52.Kd5 Kd2 53.Kxc5  1/2-1/2

[Event "Czech Open A"]
[Site "Pardubice CZE"]
[Date "2006.07.27"]
[Round "7"]
[White "Dovzhenko,V"]
[Black "Sakovich,I"]
[Result "1-0"]
[WhiteElo "2320"]
[BlackElo "2235"]

1.e4 c5 2.Nf3 e6 3.d4 cxd4 4.Nxd4 a6 5.Nc3 Qc7 6.f4 Nc6 7.Nb3 d6 8.Be3 Nf6
9.g4 Be7 10.Qf3 b5 11.O-O-O Bb7 12.g5 Nd7 13.h4 Na5 14.Bd4 b4 15.Nb1 Rc8
16.Rh2 Nxb3+ 17.axb3 Nc5 18.Nd2 d5 19.Bxg7 Nxe4 20.Nxe4 dxe4 21.Qe3 Rg8 22.Be5 Qa5
23.Kb1 Bd5 24.Bg2 Qc5 25.Qe2 Qc6 26.Re1 a5 27.Bxe4 Bxe4 28.Qxe4 Qxe4 29.Rxe4 Rd8
30.Rc4 f6 31.Bd4 Kf7 32.c3 Rd7 33.Re2 Rb8 34.Rc6 Bd6 35.Kc2 bxc3 36.Bxc3 Rb5
37.Rd2 Rd5 38.Rxd5 exd5 39.Bxa5 Be7  1-0

[Event "Accentus Ladies"]
[Site "Biel SUI"]
[Date "2006.07.28"]
[Round "5"]
[White "Skripchenko,A"]
[Black "Muzychuk,A"]
[Result "1/2-1/2"]
[WhiteElo "2421"]
[BlackElo "2456"]

1.e4 c5 2.Nf3 e6 3.d4 cxd4 4.Nxd4 a6 5.Nc3 b5 6.Bd3 Bb7 7.O-O d6 8.Re1 Nf6
9.a4 b4 10.Nd5 exd5 11.exd5+ Kd7 12.c4 bxc3 13.Bf5+ Kc7 14.Bg5 Be7 15.Qb3 Nbd7
16.Qxc3+ Nc5 17.Bf4 Kb6 18.b4 Nxd5 19.bxc5+ Ka7 20.Rxe7 Qxe7 21.Qa5 Rac8
22.Bxd6 Qf6 23.c6 Rxc6 24.Nxc6+ Ka8 25.Be5 Qxc6 26.Be4 Re8 27.Bxd5 Qxd5 28.Qxd5 Bxd5
29.Bd4 Re4 30.Be3 Bb3 31.a5 Ra4 32.Rxa4  1/2-1/2

[Event "MTO Open"]
[Site "Biel SUI"]
[Date "2006.07.28"]
[Round "5"]
[White "Arizmendi Martinez,J"]
[Black "Sachdev,T"]
[Result "1/2-1/2"]
[WhiteElo "2542"]
[BlackElo "2371"]

1.e4 c5 2.Nf3 e6 3.d4 cxd4 4.Nxd4 a6 5.Nc3 Qc7 6.Bd3 Nf6 7.O-O Nc6 8.Nxc6 bxc6
9.Qe2 d5 10.Re1 Bb7 11.e5 Nd7 12.Na4 c5 13.c4 d4 14.b3 Be7 15.Bf4 Bc6 16.Nb2 Qb7
17.f3 Nf8 18.Bc2 g5 19.Bg3 h5 20.Be4 Ng6 21.Nd3 Bxe4 22.Qxe4 Qxe4 23.Rxe4 a5
24.Nb2 Kd7 25.Be1 Kc6 26.Bd2 Nh4 27.Kf2 Nf5 28.Ke2 Bd8 29.Kd3 Nh4 30.Rg1 Rg8
31.Kc2 Ng6 32.a4 Nf8 33.Nd3 Ng6 34.g3 Ne7 35.g4 hxg4 36.Rexg4 Rh8 37.Rxg5 Nf5
38.R5g2 Bc7 39.f4 Rh3 40.Nf2 Rf3 41.Nd3 Rh8 42.Rf2 Rxf2 43.Nxf2 Rxh2 44.Nd3 Nh4
45.Rf1 Nf5 46.Rf2 Rh8 47.Rg2  1/2-1/2

[Event "Dutch Open"]
[Site "Dieren NED"]
[Date "2006.07.28"]
[Round "4"]
[White "Hoeksema,E"]
[Black "Van Assendelft,F"]
[Result "1-0"]
[WhiteElo "2373"]
[BlackElo "2243"]

1.e4 c5 2.Nf3 e6 3.Nc3 a6 4.d4 cxd4 5.Nxd4 d6 6.Be3 Nf6 7.f3 b5 8.Qd2 Nbd7
9.O-O-O Bb7 10.g4 Nb6 11.Qf2 Nfd7 12.Bd3 Rc8 13.Nce2 Be7 14.Kb1 Nc4 15.Bxc4 Rxc4
16.h4 O-O 17.g5 Ne5 18.Qg3 Qa8 19.Rh3 Rfc8 20.g6 fxg6 21.h5 Nxf3 22.hxg6 Bxe4
23.Rxh7 Rxc2 24.Ka1 Rxb2 25.Kxb2 Bf6 26.Qh3  1-0

[Event "Dutch Open"]
[Site "Dieren NED"]
[Date "2006.07.28"]
[Round "4"]
[White "Hoynck van Papendrecht,F"]
[Black "Hamelink,D"]
[Result "1/2-1/2"]
[WhiteElo "2098"]
[BlackElo "2214"]

1.e4 c5 2.Nf3 e6 3.d4 cxd4 4.Nxd4 a6 5.Nc3 b5 6.Bd3 Qb6 7.Nb3 Qc7 8.Qf3 Bb7
9.Bf4 d6 10.O-O Nf6 11.Rad1 Nbd7 12.Rfe1 Be7 13.Qe2 b4 14.Nb1 O-O 15.c4 Ne5
16.N1d2 a5 17.Nd4 Ba6 18.Nb5 Qb7 19.Nf3 Nxd3 20.Qxd3 Bxb5 21.cxb5 Rfd8 22.a4 bxa3
23.bxa3 d5 24.e5 Ne4 25.Nd4 Bc5 26.Be3 Rdc8 27.Rc1 Bf8 28.Nc6 f5 29.h4 f4
30.Bd4 Be7 31.a4 Kf7 32.Qf3 Kg8 33.Qxf4 Bb4 34.Re2 Rf8 35.Qg4 Qf7 36.Nxb4 axb4
37.f3 h5 38.Qh3 Nc3 39.Bxc3 bxc3 40.Rxc3 Rxa4 41.Rc6 Re8 42.Qg3 Rb4 43.b6 Rb8
44.Qg5 Rc4 45.Rc2 Rxc2 46.Rxc2 Qb7 47.Rb2 Qa6 48.Kh2 Qa1 49.Qd2 Qa4 50.f4 Qa6
51.Qf2 g6 52.Qg3 Kh7 53.f5 gxf5 54.Qg5 Rxb6 55.Qxh5+ Kg7 56.Qg5+ Kh7 57.Rxb6 Qxb6  1/2-1/2

[Event "Czech Open B1"]
[Site "Pardubice CZE"]
[Date "2006.07.28"]
[Round "8"]
[White "Markiewicz,Ja"]
[Black "Ilandzis,S"]
[Result "1-0"]
[WhiteElo "2308"]
[BlackElo "2174"]

1.e4 c5 2.Nc3 e6 3.Nf3 a6 4.d4 cxd4 5.Nxd4 Qc7 6.Bd3 Nf6 7.O-O d6 8.Be3 Be7
9.f4 Nbd7 10.Qf3 b6 11.Rae1 Bb7 12.Bf2 Rc8 13.Qh3 h5 14.Kh1 g6 15.Bh4 Nc5
16.f5 gxf5 17.Nxf5 exf5 18.Qxf5 Rh6 19.Nd5 Bxd5 20.exd5 Nxd3 21.Rxe7+ Kxe7
22.Bxf6+ Kf8 23.cxd3 Re8 24.Bg5 Rh8 25.Bf4 Rd8 26.Qf6 Rh7 27.Bh6+ Rxh6 28.Qxh6+ Ke8
29.Qh8+ Ke7 30.Rxf7+  1-0

[Event "Dutch Open"]
[Site "Dieren NED"]
[Date "2006.07.29"]
[Round "5"]
[White "Mellema,A"]
[Black "Valenti,G"]
[Result "0-1"]
[WhiteElo "2035"]
[BlackElo "2273"]

1.e4 c5 2.Nf3 e6 3.d4 cxd4 4.Nxd4 a6 5.Nc3 Qc7 6.Be2 Nf6 7.O-O Be7 8.Be3 Nc6
9.a4 d6 10.f4 Bd7 11.Kh1 O-O 12.Qe1 Kh8 13.Qg3 Nb4 14.Rad1 Rac8 15.Bd3 Nxd3
16.Rxd3 b5 17.axb5 axb5 18.e5 dxe5 19.fxe5 Nh5 20.Qh3 g6 21.Ndxb5 Bxb5 22.Nxb5 Qxc2
23.Bd4 Nf4 24.Rc3 Nxh3 25.Rxc2 Rxc2 26.gxh3 Kg8 27.Rb1 f6 28.Na3 Re2 29.Nc4 fxe5
30.Nxe5 Bf6 31.Nf3 e5 32.Bc5 Rd8 33.b4 e4 34.Ng1 Rc2  0-1

[Event "Czech Open A"]
[Site "Pardubice CZE"]
[Date "2006.07.29"]
[Round "9"]
[White "Ejsmont,K"]
[Black "Kovacevic,B"]
[Result "0-1"]
[WhiteElo "2348"]
[BlackElo "2490"]

1.e4 c5 2.Nf3 e6 3.d4 cxd4 4.Nxd4 a6 5.Nc3 Qc7 6.Bd3 Nf6 7.O-O Bc5 8.Be3 d6
9.Re1 O-O 10.Kh1 b5 11.a3 Bb7 12.f4 Nbd7 13.Qf3 Rfe8 14.Rad1 Rac8 15.Nce2 e5
16.Nf5 Bxe3 17.Qxe3 g6 18.fxe5 Rxe5 19.Nh6+ Kg7 20.Ng3 d5 21.Qf4 dxe4 22.Bxe4 Rxe4
23.Ngf5+ Kf8 24.Rxe4 Bxe4 25.Nd6 Qxc2 26.Rg1 Bxg2+ 27.Rxg2 Qc1+  0-1

[Event "15th Open A"]
[Site "Vienna AUT"]
[Date "2006.07.29"]
[Round "1"]
[White "Weinberger,S"]
[Black "Klein,Fe"]
[Result "1-0"]
[WhiteElo "2008"]
[BlackElo "2205"]

1.e4 c5 2.Nf3 e6 3.Nc3 a6 4.d4 cxd4 5.Nxd4 Qc7 6.Bd3 Nf6 7.O-O Bc5 8.Nb3 Be7
9.a4 Nc6 10.f4 d6 11.Be3 b6 12.Qf3 Bb7 13.Nd4 O-O 14.Qg3 Rfe8 15.e5 Nd7 16.f5 Nxd4
17.f6 g6 18.fxe7 Nf5 19.Rxf5 exf5 20.exd6 Qc6 21.Bxf5 Nf6 22.Bh3 b5 23.Bd4 Nh5
24.Qe5 f6 25.Qe6+ Kg7 26.Rf1 Bc8 27.Bxf6+ Nxf6 28.Qxf6+ Kh6 29.Qf8+ Kh5 30.g4+ Kh4
31.Qh6+  1-0

[Event "15th Open A"]
[Site "Vienna AUT"]
[Date "2006.07.29"]
[Round "1"]
[White "Pfaffel,T"]
[Black "Gofshtein,Z"]
[Result "0-1"]
[WhiteElo "2144"]
[BlackElo "2521"]

1.e4 c5 2.Nf3 e6 3.d4 cxd4 4.Nxd4 a6 5.Nc3 b5 6.a4 b4 7.Nce2 h5 8.Be3 Nf6
9.f3 Qc7 10.c3 e5 11.Nb3 Nc6 12.c4 d6 13.Nec1 Be6 14.Bd3 Nd7 15.O-O Be7 16.Qe1 a5
17.Qf2 Nd8 18.Ne2 Nb7 19.f4 Ndc5 20.Nxc5 Nxc5 21.Bxc5 Qxc5 22.Qxc5 dxc5 23.fxe5 Bg5
24.h3 Be3+ 25.Kh2 O-O-O 26.Rad1 Rd7 27.b3 Rhd8 28.Bc2 Rd2 29.Rxd2 Rxd2 30.Bd1 g6
31.Kg3 g5 32.Rf3 Bf4+ 33.Nxf4 gxf4+ 34.Kxf4 Rxd1 35.Re3 Rd2 36.Rg3 h4 37.Rg8+ Kc7
38.g3 Rd3 39.gxh4 Rxb3 40.Rg3 Rxg3  0-1

[Event "XLVIII TCh-POR"]
[Site "Evora POR"]
[Date "2006.07.30"]
[Round "9"]
[White "Fernando,D"]
[Black "Costa,JoaoG"]
[Result "1/2-1/2"]
[WhiteElo "2466"]
[BlackElo "2205"]

1.e4 c5 2.Nf3 e6 3.Nc3 a6 4.d4 cxd4 5.Nxd4 Qc7 6.Bd3 Nf6 7.f4 d6 8.Be3 Be7
9.Qf3 Nbd7 10.g4 g6 11.g5 Nh5 12.O-O-O b5 13.Kb1 Bb7 14.Nb3 b4 15.Ne2 a5
16.Bb5 O-O 17.Bxd7 Qxd7 18.Nc5 Qc6 19.Nxb7 Qxb7 20.Ng3 Ng7 21.h4 a4 22.h5 b3
23.cxb3 axb3 24.a3 Ra4 25.hxg6 fxg6 26.Qg2 e5 27.fxe5 dxe5 28.Qh3 Nh5 29.Qe6+ Rf7
30.Rd7 Qa6 31.Qxb3 Nxg3 32.Rxe7 Qc4 33.Qxc4 Rxc4 34.Rxf7 Kxf7 35.Rxh7+ Ke6
36.Rg7 Rxe4 37.Rxg6+ Kd5 38.Bb6 Rg4 39.Rg8 Ne4 40.Bd8 Nc5 41.Bf6 e4 42.Rd8+ Kc4
43.Rd4+ Kb5 44.Be7 Ne6 45.Rd1 Kc4 46.a4 e3 47.Rc1+ Kd3 48.a5 e2 49.Bf6 Rc4
50.Bc3 Nxg5 51.Be1 Nf3 52.Rxc4 Kxc4 53.Bf2 Kb5 54.Kc2 e1=Q 55.Bxe1  1/2-1/2

[Event "Sunny Pawn B"]
[Site "Illichevsk UKR"]
[Date "2006.07.30"]
[Round "12"]
[White "Kozel,R"]
[Black "Kalinin,Mik"]
[Result "1-0"]
[WhiteElo "2415"]
[BlackElo "2247"]

1.e4 c5 2.Nc3 a6 3.Nf3 e6 4.d4 cxd4 5.Nxd4 Qc7 6.Bd3 Nf6 7.O-O Bd6 8.g3 Nc6
9.Nde2 Bc5 10.Kg2 b5 11.a3 Bb7 12.Nf4 Ne5 13.Nh5 Nxh5 14.Qxh5 O-O 15.Qe2 d5
16.Bf4 dxe4 17.Bxe4 Bd6 18.Rad1 Nc4 19.Bxd6 Nxd6 20.Rxd6 Qxd6 21.Bxb7 Rab8
22.Bf3 b4 23.Ne4 Qe5 24.axb4 Qxb2 25.c3 Qa3 26.Nc5 Rbd8 27.Qc4 a5 28.b5 Rd2
29.b6 Rc2 30.Ne4  1-0

[Event "15th Open A"]
[Site "Vienna AUT"]
[Date "2006.07.30"]
[Round "2"]
[White "Kaiser,Ri1"]
[Black "Gockner,M"]
[Result "1-0"]
[WhiteElo "2297"]
[BlackElo "2060"]

1.e4 c5 2.Nf3 e6 3.d4 cxd4 4.Nxd4 a6 5.Nc3 Nc6 6.g3 Qc7 7.Bg2 Nf6 8.O-O Be7
9.Re1 d6 10.h3 O-O 11.a4 Bd7 12.Nb3 Rac8 13.f4 Rfd8 14.a5 Be8 15.Be3 Nd7
16.Qe2 Nb4 17.Ra4 d5 18.exd5 exd5 19.Bd4 b5 20.Rxb4 Bxb4 21.Nxd5 Qc4 22.Qg4 f6
23.Rxe8+ Rxe8 24.Qxd7 Rcd8 25.Qf5 Re1+ 26.Kh2 Re2 27.Ne3 Qc6 28.Kg1 Qd7 29.Qxd7 Rxd7
30.Kf1 Re1+ 31.Kf2 Rb1 32.Be4 Be1+ 33.Kg2 Bxa5 34.Bd5+ Rxd5 35.Nxd5 Rd1 36.Ne3  1-0

[Event "35th TCh-GRE"]
[Site "Ermioni GRE"]
[Date "2006.07.??"]
[Round "8"]
[White "Tzouganakis,P"]
[Black "Skoulakis,C"]
[Result "1/2-1/2"]
[WhiteElo "1793"]
[BlackElo "1900"]

1.e4 c5 2.Nf3 e6 3.Nc3 a6 4.d4 cxd4 5.Nxd4 b5 6.a3 Bb7 7.Be3 Qc7 8.f3 d6
9.Be2 Nf6 10.O-O Be7 11.Qd2 Nbd7 12.a4 bxa4 13.Nxa4 O-O 14.Nc3 Ne5 15.Kh1 Nc4
16.Bxc4 Qxc4 17.Qf2 Nd7 18.Nb3 Rfc8 19.Bd4 Bf6 20.Bxf6 Nxf6 21.Na5 Qc7 22.Nxb7 Qxb7
23.Ra3 d5 24.Rb3 Qc6 25.exd5 Nxd5 26.Qd4 Nxc3 27.Rxc3 Qb5 28.Rd1 h6 29.b3 Qa5
30.b4 Qb5 31.Rxc8+ Rxc8 32.c3 Qc4 33.Qxc4 Rxc4 34.Rc1 Kf8 35.Kg1 Ke7 36.Kf2 Kd6
37.Ke3 Kc6 38.Kd3 Kb5 39.Ra1 Rc8 40.Ra5+ Kb6 41.c4 Rd8+ 42.Kc3 Rd1 43.Ra2 Rh1
44.h3 Rc1+ 45.Kb3 Rb1+ 46.Rb2 Re1 47.Kc3 Rc1+ 48.Kd3 Rd1+ 49.Kc3 Rc1+ 50.Kd4 Rd1+
51.Ke5 Rd8 52.Re2 Kc6 53.Re4 Rb8 54.c5 Rb5 55.Rg4 a5 56.bxa5 Rxc5+ 57.Kf4 g5+
58.Kg3 Rxa5 59.h4 Kd6 60.Rc4 Rc5 61.Rb4 Ke5 62.Rb8 f5 63.Rh8 Rc4 64.h5 Rc7
65.Rxh6 Rg7 66.Rh8 Kf6 67.Kh3 Re7 68.g4 Kg7 69.Rd8 f4  1/2-1/2

[Event "MTO Open"]
[Site "Biel SUI"]
[Date "2006.08.01"]
[Round "8"]
[White "Fressinet,L"]
[Black "Pikula,D"]
[Result "1/2-1/2"]
[WhiteElo "2626"]
[BlackElo "2545"]

1.e4 c5 2.Nf3 e6 3.Nc3 a6 4.d4 cxd4 5.Nxd4 Qc7 6.Bd3 Nf6 7.O-O Bc5 8.Nb3 Be7
9.f4 d6 10.Qe2 Nc6 11.Bd2 b5 12.Rae1 b4 13.Nd1 g6 14.c3 O-O 15.Ne3 a5 16.Nd4 Nxd4
17.cxd4 Qa7 18.e5 Ne8 19.Ng4 f5 20.exf6 Bxf6 21.Nxf6+ Nxf6 22.Kh1 Re8 23.Be3 Nd5
24.Qf3 Qf7 25.f5 exf5 26.Bh6 Bb7 27.Bc4 Rac8 28.b3 Kh8 29.h3 Ba8 30.Kh2 Qb7
31.Qg3 Nf6 32.d5 Ne4 33.Qf4 Qe7 34.g4 Qe5 35.gxf5 gxf5 36.Rg1 Qxf4+ 37.Bxf4 Rg8
38.Be3 Rg6 39.Ref1 Rf8 40.Bb6 a4 41.bxa4  1/2-1/2

[Event "Dutch Open"]
[Site "Dieren NED"]
[Date "2006.08.01"]
[Round "7"]
[White "Senff,M"]
[Black "Hoeksema,E"]
[Result "1/2-1/2"]
[WhiteElo "2464"]
[BlackElo "2373"]

1.e4 c5 2.Nf3 e6 3.d4 cxd4 4.Nxd4 a6 5.Nc3 b5 6.Bd3 Qc7 7.O-O Bc5 8.Nb3 Be7
9.Qg4 g6 10.Bg5 d6 11.Rad1 b4 12.Ne2 Nf6 13.Qh4 Nbd7 14.f4 h6 15.f5 gxf5
16.exf5 e5 17.Ng3 Qb6+ 18.Kh1 Bb7 19.a3 bxa3 20.bxa3 Rg8 21.Bxf6  1/2-1/2

[Event "Adolfo Pedrido Mem"]
[Site "Vilagarcia de Arousa ESP"]
[Date "2006.08.02"]
[Round "9"]
[White "Bouza Brey Teijeiro,G"]
[Black "Perez Fungueiro,M"]
[Result "0-1"]
[WhiteElo "1964"]
[BlackElo "2194"]

1.e4 c5 2.Nf3 e6 3.d4 cxd4 4.Nxd4 a6 5.Nc3 Qc7 6.Bd3 Nf6 7.O-O Bc5 8.Nb3 Be7
9.f4 d6 10.Be3 Nbd7 11.Qf3 b5 12.a3 Bb7 13.Qg3 O-O 14.Rae1 Rfe8 15.Nd4 Rad8
16.Kh1 g6 17.Nf3 Nc5 18.Bxc5 dxc5 19.e5 Nd5 20.Nxd5 Bxd5 21.Ng5 c4 22.Be4 Qb7
23.Bxd5 Rxd5 24.Ne4 Red8 25.Qh3 Qc6 26.Qh6 Qe8 27.Re3 Qf8 28.Qh3 Rd1 29.Rfe1 R8d4
30.Qf3 Qd8 31.g4 h6 32.f5 Qd5 33.fxg6 fxg6 34.Kg2 Rxe1 35.Rxe1 Qxe5 36.Re2 Qd5
37.h3 Kg7 38.Kg1 Bh4 39.Kg2 e5 40.Kg1 Qf7 41.Kg2 a5 42.Rd2 Qd5 43.Re2 b4
44.axb4 axb4 45.Kg1 Rd1+ 46.Kg2 Qf7 47.Qxf7+ Kxf7 48.Rd2 Rxd2+ 49.Nxd2 c3
50.bxc3 Be1 51.Ne4 Bxc3 52.Nxc3 bxc3 53.Kf3 Kf6 54.h4 h5 55.gxh5 gxh5 56.Ke4 Ke6
57.Kd3 Kf5 58.Kxc3 Kg4 59.Kd3 Kxh4 60.c4 Kg5 61.c5 Kf5 62.c6 Ke6 63.Ke4 h4
64.Kf3 Kd6 65.Kg4 Kxc6 66.Kxh4 Kd5 67.Kg3 Ke4 68.Kf2 Kd3  0-1